Statistiques concernant Départements limitrophes de l'Ille-et-Vilaine

Cliquez ici pour prendre le quiz!

Statistiques générales

  • Ce quiz a été pris 49 fois
  • Le résultat moyen est 5 sur 6

Statistiques - réponses

Département% Correct
Morbihan
98%
Manche
95%
Côtes-d'Armor
93%
Loire-Atlantique
91%
Mayenne
91%
Maine-et-Loire
70%

Distribution des résultats

Percentile par nombre de réponses

% des personnes avec chaque résultat

Votre développement - résultats

Vous n’avez pas pris ce quiz